The Topsy-Turvy teacher

Bibliographic Details
Main Author: Lavelle, Sheila
Other Authors: Crosby, Emma (illustrated)
Format: Book
Published: London : Orchard Books , 1988
Series:A Jupiter Jane story
Subjects:

MARC

LEADER 00000cam a2200000 7i4500
001 0000001881
002 000002044
005 20000330.0
020 |a 1852130830 
090 0 0 |a JF   |b LAV 
100 1 |a Lavelle, Sheila 
245 1 4 |a The Topsy-Turvy teacher   |c Sheila Lavelle ; illustrated by Emma Crosby 
260 |a London :   |b Orchard Books ,   |c 1988 
300 |a 64p. :   |b ill. ;   |c 20cm. 
490 0 |a A Jupiter Jane story 
650 0 0 |a Children's stories 
700 1 |a Crosby, Emma ,   |e illustrated 
999 |a 034990   |b BUKU   |c PINJAMAN   |e PERPUSTAKAAN KOMUNITI PETALING JAYA